| 000 | 00459cam a2200193ua 4500 | ||
|---|---|---|---|
| 001 | 11325 | ||
| 008 | 160327n II |||gr||||Z||||||eng | ||
| 040 | _aMAIN | ||
| 041 | _aEnglish | ||
| 082 | _a823 FIT | ||
| 100 | _aFITZGERALD,F.SCOTT. | ||
| 245 | _aTHE GREAT GATSBY | ||
| 250 | _a2002. | ||
| 260 |
_aNEW DELHI: _bPEACOCK BOOKS, _c2002. |
||
| 300 |
_a187: _c18CM. |
||
| 653 | _aEnglish fiction | ||
| 700 |
_aFITZGERALD,F.SCOTT., _eAUTHOR. |
||
| 942 | _cBK | ||
| 999 |
_c11291 _d11291 |
||